<?xml version="1.0" encoding="UTF-8"?><?xml-stylesheet type="text/xsl" href="static/style.xsl"?><OAI-PMH xmlns="http://www.openarchives.org/OAI/2.0/" xmlns:xsi="http://www.w3.org/2001/XMLSchema-instance" xsi:schemaLocation="http://www.openarchives.org/OAI/2.0/ http://www.openarchives.org/OAI/2.0/OAI-PMH.xsd"><responseDate>2026-04-13T01:42:30Z</responseDate><request verb="GetRecord" identifier="oai:www.recercat.cat:10459.1/49078" metadataPrefix="marc">https://recercat.cat/oai/request</request><GetRecord><record><header><identifier>oai:recercat.cat:10459.1/49078</identifier><datestamp>2024-12-05T23:05:08Z</datestamp><setSpec>com_2072_3622</setSpec><setSpec>col_2072_478537</setSpec></header><metadata><record xmlns="http://www.loc.gov/MARC21/slim" xmlns:dcterms="http://purl.org/dc/terms/" xmlns:xsi="http://www.w3.org/2001/XMLSchema-instance" xmlns:doc="http://www.lyncode.com/xoai" xsi:schemaLocation="http://www.loc.gov/MARC21/slim http://www.loc.gov/standards/marcxml/schema/MARC21slim.xsd">
   <leader>00925njm 22002777a 4500</leader>
   <datafield ind2=" " ind1=" " tag="042">
      <subfield code="a">dc</subfield>
   </datafield>
   <datafield ind2=" " ind1=" " tag="720">
      <subfield code="a">Castellà Ponsarnau, David</subfield>
      <subfield code="e">author</subfield>
   </datafield>
   <datafield ind2=" " ind1=" " tag="260">
      <subfield code="c">2015-11-27T09:54:49Z</subfield>
   </datafield>
   <datafield ind2=" " ind1=" " tag="260">
      <subfield code="c">2015-11-27T09:54:49Z</subfield>
   </datafield>
   <datafield ind2=" " ind1=" " tag="260">
      <subfield code="c">2015-09</subfield>
   </datafield>
   <datafield ind2=" " ind1=" " tag="520">
      <subfield code="a">L’objectiu principal del treball és la familiarització amb eines de programació d’alt&#xd;
nivell, l’aprententatge de tècniques i conceptes que rodegen els paradigmes de la web&#xd;
semàntica i linked data i també la implementació d’un motor de recomanació, que&#xd;
entraria a dins del camp de machine learning.&#xd;
Un segon objectiu és la creació d’un node de dades enllaçades amb dades de jocs&#xd;
de taula, juntament amb la publicació de la seva ontologia per a la seva modelització.&#xd;
I com a tercer objectiu és el dur a terme tot el el projecte seguint directius basades metodologies de desenvolupament àgil com per exemple TDD (Test-Driven Development)&#xd;
o BDD (Behaviour-Driven Development).&#xd;
Mitjançant l’acompliment d’aquests objectius, s’assegura l’aprententatge de diferents&#xd;
camps i tecnologies que no estan dins del temari acadèmic i l’assoliment d’un producte&#xd;
sòlid i professional si es segueixen estàndards de l’enginyeria i qualitat del&#xd;
programari.</subfield>
   </datafield>
   <datafield ind1="8" ind2=" " tag="024">
      <subfield code="a">http://hdl.handle.net/10459.1/49078</subfield>
   </datafield>
   <datafield tag="653" ind2=" " ind1=" ">
      <subfield code="a">Web semàntica</subfield>
   </datafield>
   <datafield tag="653" ind2=" " ind1=" ">
      <subfield code="a">Sistemes de renovació</subfield>
   </datafield>
   <datafield tag="653" ind2=" " ind1=" ">
      <subfield code="a">Linked Data</subfield>
   </datafield>
   <datafield tag="653" ind2=" " ind1=" ">
      <subfield code="a">Web semàntica</subfield>
   </datafield>
   <datafield tag="653" ind2=" " ind1=" ">
      <subfield code="a">Dades enllaçables</subfield>
   </datafield>
   <datafield ind2="0" ind1="0" tag="245">
      <subfield code="a">Developing a board game recommender engine using Linked Data</subfield>
   </datafield>
</record></metadata></record></GetRecord></OAI-PMH>